| 000 | 00338nam a22001337a 4500 | ||
|---|---|---|---|
| 020 | _qPB. | ||
| 040 | _cFIZZA ISHAQ | ||
| 082 |
_a624.1814 _bMUR |
||
| 100 |
_aGAMBHIR,MURARI. _991609 |
||
| 245 |
_aDESIGN OF REINFORCED CONCRETE STRUCTURES / _cMURARI GAMBHIR. |
||
| 260 |
_aPHI PUBLISHER ; _c2016. |
||
| 300 | _a723 P. ; | ||
| 942 |
_2ddc _cBK |
||
| 999 |
_c589739 _d589739 |
||